000 05815nam a2200409 i 4500
001 ebr10756838
003 CaPaEBR
006 m o d
007 cr cn|||||||||
008 130507t20142014njua ob 001 0 eng|d
020 _z9780470175767
020 _a9781118690598 (e-book)
040 _aCaPaEBR
_beng
_erda
_epn
_cCaPaEBR
035 _a(OCoLC)861529080
050 1 4 _aQD382.C78
_bD43 2014eb
082 0 4 _a547/.7
_223
100 1 _aDe Rosa, Claudio.
245 1 0 _aCrystals and crystallinity in polymers :
_bdiffraction analysis of ordered and disordered crystals /
_cClaudio De Rosa, Finizia Auriemma.
264 1 _aHoboken, New Jersey :
_bWiley,
_c[2014]
264 4 _c�2014
300 _a1 online resource (477 pages) :
_billustrations
336 _atext
_2rdacontent
337 _acomputer
_2rdamedia
338 _aonline resource
_2rdacarrier
504 _aIncludes bibliographical references and index.
505 8 _aMachine generated contents note: Chapter 1 Configuration and Conformation of Macromolecules in Polymer Crystals 1.1 Crystals of polymers 1.2 Constitution and configuration of crystalline polymers 1.3 Conformation 1.4 Relationships among internal parameters of macromolecules 1.5 Conformation of polymer chains in the crystalline state 1.6 Helical conformations in isotactic and syndiotactic polymers 1.7 Conformational energy calculations 1.8 Helical conformation and optical activity 1.9 Alternating copolymers 1.10 Polydienes 1.11 Non helical chain conformations of isotactic polymers References Chapter 1 Chapter 2 Packing of macromolecules in polymer crystals 2.1 General principles 2.2 The principle of density (entropy)-driven phase formation in polymers 2.3 Symmetry breaking 2.4 Impact of chain folding on crystal structure symmetry 2.5 Frustrated Polymer Crystal Structures 2.6 Chiral crystallization of polymers with helical chain conformations 2.7 Packing effects on the conformation of polymer chains in the crystals: the case of aliphatic polyamides References Chapter 2 Chapter 3 3.1 X-ray diffraction of semicrystalline polymers 3.2 Fourier synthesis and the phase problem in crystallography 3.3 X-ray fiber diffraction analysis 3.4 Determination of parameters of the unit cell and indexing of the diffraction pattern 3.5 Measure of the integrated intensities of the reflections and corrections for geometrical (Lorentz), polarization and absorption factors 3.6 Calculation of Structure Factors 3.7 Structural refinement 3.8 Form of diffraction pattern and broadening due to the Laue function References Chapter 3 Chapter 4 Defects and Disorder in Polymer Crystals 4.1 Classification of different types of structural disorder 4.2 Crystals with partial three-dimensional order (Class A)Disorder with three-dimensional periodicity maintained only for some characterizing points of the structure 4.3 Solid mesophases References Chapter 4 Chapter 5 Methods of Analysis of Diffuse Scattering from Disordered Structures of Polymers 5.1 Structural disorder and diffuse scattering 5.2 Methods of diffraction analysis from disordered crystals 5.3 Long Range Order in Disordered Lattices of Class A 5.4 Short Range Order in Disordered Crystals of Class A 5.5 Short Range Order in Disordered Crystals with Substitution type Disorder 5.6 Short Range vs Long Range Order in Disordered Crystals of Class B and C (Solid Mesophases) 5.7 Disordered Models with Perturbations Occurring over Continuous Ranges 5.8 Basic formulas for the calculation of X-ray Diffraction Intensity from Disordered Model Structures of Polymers 5.9 Examples of calculation of average diffracted intensity of structures disordered in one dimension 5.10 Integration method of diffraction intensity for cylindrically and spherical surfaces in the reciprocal space References Chapter 5 Chapter 6 Crystal habit 6.1 Basic remark 6.2 Rounded lateral habits 6.3 Chain folding, molecular orientation and sectorization 6.4 Twinning and secondary nucleation theory 6.5 Homoepitaxy, morphology, stem orientation and polymorphism References Chapter 6 Chapter 7 Influence of Crystal Defects and Structural Disorder on the Physical and Mechanical Properties of Polymeric Materials 7.1 Introduction 7.2 Stress induced phase transformations during deformation 7.3 Isotactic polypropylene 7.4 Syndiotactic Polypropylene References Chapter 7.
520 _a"Polymeric crystals are more complex in nature than other materials' crystal structures due to significant structural disorder present. In fact, they actually exist in a semicrystalline state where the crystals are embedded in an amorphous phase to create a highly interconnected network. Presenting an in-depth and current overview of polymer crystals, Crystals and Crystallinity in Polymers provides researchers, engineers, and graduate students with guidelines to help select the proper crystallization method, evaluate polymer crystallization data, determine which methods to utilize for particular cases, and understand the different analytical techniques utilized"--
_cProvided by publisher.
588 _aDescription based on print version record.
590 _aElectronic reproduction. Palo Alto, Calif. : ebrary, 2013. Available via World Wide Web. Access may be limited to ebrary affiliated libraries.
650 0 _aCrystalline polymers.
650 0 _aCrystallization.
655 0 _aElectronic books.
700 1 _aAuriemma, Finizia.
776 0 8 _iPrint version:
_aDe Rosa, Claudio.
_tCrystals and crystallinity in polymers : diffraction analysis of ordered and disordered crystals.
_dHoboken, New Jersey : Wiley, [2014]
_hxiii, 461 pages
_z9780470175767
_w(DLC) 2013011106
797 2 _aebrary.
856 4 0 _uhttp://site.ebrary.com/lib/rucke/Doc?id=10756838
_zAn electronic book accessible through the World Wide Web; click to view
999 _c118461
_d118461